| 000 | nam a22 7a 4500 | ||
|---|---|---|---|
| 999 |
_c127710 _d127710 |
||
| 008 | 180320b xxu||||| |||| 00| 0 eng d | ||
| 050 |
_aBF575.L8 _bG813 |
||
| 100 |
_aGuitton, Jean _940776 |
||
| 245 |
_aL'Amour human _cJean Guitton |
||
| 260 |
_aParis _bEditions Montaigne _c1948 |
||
| 300 |
_a249p. ; _c18cm. |
||
| 650 |
_aLove _xPsychological aspects _940777 |
||
| 942 |
_2lcc _cMONOGRAPH |
||